000
00252nam a2200109Ia 4500
008
200302s9999 xx 000 0 und d
100
_a
Tadao Ando
245
_a
Houses & housing
260
_b
Nobuyuki Endo Publisher
260
_c
2007
300
_a
398 P.,
999
_c
3039
_d
3039